<?xml version="1.0" encoding="UTF-8"?>
<record
    xmlns:xsi="http://www.w3.org/2001/XMLSchema-instance"
    xsi:schemaLocation="http://www.loc.gov/MARC21/slim http://www.loc.gov/standards/marcxml/schema/MARC21slim.xsd"
    xmlns="http://www.loc.gov/MARC21/slim">

  <leader>00546nam a2200181Ia 4500</leader>
  <controlfield tag="003">OSt</controlfield>
  <controlfield tag="005">20200804130204.0</controlfield>
  <controlfield tag="008">190216s9999||||xx |||||||||||||| ||und||</controlfield>
  <datafield tag="020" ind1=" " ind2=" ">
    <subfield code="a">8170146909</subfield>
  </datafield>
  <datafield tag="040" ind1=" " ind2=" ">
    <subfield code="c">oclc</subfield>
  </datafield>
  <datafield tag="082" ind1=" " ind2=" ">
    <subfield code="a">519.72</subfield>
    <subfield code="b">GUP/L</subfield>
  </datafield>
  <datafield tag="100" ind1="1" ind2=" ">
    <subfield code="a">Gupta, P. K.,</subfield>
    <subfield code="9">133</subfield>
    <subfield code="c">Ph. D., D. Litt.</subfield>
  </datafield>
  <datafield tag="245" ind1=" " ind2="0">
    <subfield code="a">Linear Programming And Theory Of Games /</subfield>
    <subfield code="c">P K Gupta ; Man Mohan</subfield>
  </datafield>
  <datafield tag="250" ind1=" " ind2=" ">
    <subfield code="a">9th Ed.</subfield>
  </datafield>
  <datafield tag="260" ind1=" " ind2=" ">
    <subfield code="b">Sulthan  Chand&amp;Sons,</subfield>
    <subfield code="c">2000.</subfield>
    <subfield code="a">New Delhi:</subfield>
  </datafield>
  <datafield tag="300" ind1=" " ind2=" ">
    <subfield code="a">482p</subfield>
  </datafield>
  <datafield tag="942" ind1=" " ind2=" ">
    <subfield code="c">BK</subfield>
    <subfield code="2">ddc</subfield>
    <subfield code="h">519.72</subfield>
    <subfield code="i">GUP/L</subfield>
    <subfield code="k">519.72</subfield>
    <subfield code="m">GUP/L</subfield>
  </datafield>
  <datafield tag="952" ind1=" " ind2=" ">
    <subfield code="0">0</subfield>
    <subfield code="1">0</subfield>
    <subfield code="2">ddc</subfield>
    <subfield code="4">0</subfield>
    <subfield code="7">0</subfield>
    <subfield code="8">MATHEMATICS</subfield>
    <subfield code="a">MES</subfield>
    <subfield code="b">MES</subfield>
    <subfield code="c">MAT</subfield>
    <subfield code="d">2019-02-20</subfield>
    <subfield code="g">90.00</subfield>
    <subfield code="l">0</subfield>
    <subfield code="o">519.72 GUP/L</subfield>
    <subfield code="p">27185</subfield>
    <subfield code="r">2019-02-20 00:00:00</subfield>
    <subfield code="t">1</subfield>
    <subfield code="w">2019-02-20</subfield>
    <subfield code="y">BK</subfield>
    <subfield code="z">GL10R5</subfield>
  </datafield>
  <datafield tag="952" ind1=" " ind2=" ">
    <subfield code="0">0</subfield>
    <subfield code="1">0</subfield>
    <subfield code="2">ddc</subfield>
    <subfield code="4">0</subfield>
    <subfield code="7">0</subfield>
    <subfield code="8">MATHEMATICS</subfield>
    <subfield code="a">MES</subfield>
    <subfield code="b">MES</subfield>
    <subfield code="c">MAT</subfield>
    <subfield code="d">2019-02-20</subfield>
    <subfield code="g">90.00</subfield>
    <subfield code="l">6</subfield>
    <subfield code="m">1</subfield>
    <subfield code="o">519.72 GUP/L</subfield>
    <subfield code="p">27665</subfield>
    <subfield code="r">2022-05-04 00:00:00</subfield>
    <subfield code="s">2022-04-25</subfield>
    <subfield code="t">2</subfield>
    <subfield code="w">2019-02-20</subfield>
    <subfield code="y">BK</subfield>
    <subfield code="z">GL10R5</subfield>
  </datafield>
  <datafield tag="952" ind1=" " ind2=" ">
    <subfield code="0">0</subfield>
    <subfield code="1">0</subfield>
    <subfield code="2">ddc</subfield>
    <subfield code="4">0</subfield>
    <subfield code="7">0</subfield>
    <subfield code="8">MATHEMATICS</subfield>
    <subfield code="a">MES</subfield>
    <subfield code="b">MES</subfield>
    <subfield code="c">MAT</subfield>
    <subfield code="d">2019-02-20</subfield>
    <subfield code="g">90.00</subfield>
    <subfield code="l">12</subfield>
    <subfield code="m">8</subfield>
    <subfield code="o">519.72 GUP/L</subfield>
    <subfield code="p">27666</subfield>
    <subfield code="r">2021-07-05 00:00:00</subfield>
    <subfield code="s">2021-07-01</subfield>
    <subfield code="t">3</subfield>
    <subfield code="w">2019-02-20</subfield>
    <subfield code="y">BK</subfield>
    <subfield code="z">GL10R5</subfield>
  </datafield>
  <datafield tag="952" ind1=" " ind2=" ">
    <subfield code="0">0</subfield>
    <subfield code="1">0</subfield>
    <subfield code="2">ddc</subfield>
    <subfield code="4">0</subfield>
    <subfield code="7">0</subfield>
    <subfield code="8">MATHEMATICS</subfield>
    <subfield code="a">MES</subfield>
    <subfield code="b">MES</subfield>
    <subfield code="c">MAT</subfield>
    <subfield code="d">2019-02-20</subfield>
    <subfield code="g">90.00</subfield>
    <subfield code="l">9</subfield>
    <subfield code="m">1</subfield>
    <subfield code="o">519.72 GUP/L</subfield>
    <subfield code="p">27667</subfield>
    <subfield code="r">2021-07-05 00:00:00</subfield>
    <subfield code="s">2021-07-01</subfield>
    <subfield code="t">4</subfield>
    <subfield code="w">2019-02-20</subfield>
    <subfield code="y">BK</subfield>
    <subfield code="z">GL10R5</subfield>
  </datafield>
  <datafield tag="952" ind1=" " ind2=" ">
    <subfield code="0">0</subfield>
    <subfield code="1">0</subfield>
    <subfield code="2">ddc</subfield>
    <subfield code="4">0</subfield>
    <subfield code="7">0</subfield>
    <subfield code="8">MATHEMATICS</subfield>
    <subfield code="a">MES</subfield>
    <subfield code="b">MES</subfield>
    <subfield code="c">MAT</subfield>
    <subfield code="d">2019-02-20</subfield>
    <subfield code="g">90.00</subfield>
    <subfield code="l">6</subfield>
    <subfield code="m">6</subfield>
    <subfield code="o">519.72 GUP/L</subfield>
    <subfield code="p">27668</subfield>
    <subfield code="r">2022-08-19 00:00:00</subfield>
    <subfield code="s">2022-08-16</subfield>
    <subfield code="t">5</subfield>
    <subfield code="w">2019-02-20</subfield>
    <subfield code="y">BK</subfield>
    <subfield code="z">GL10R5</subfield>
  </datafield>
  <datafield tag="999" ind1=" " ind2=" ">
    <subfield code="c">31776</subfield>
    <subfield code="d">31776</subfield>
  </datafield>
</record>
